Evangelism men: (Record no. 11044)

000 -LEADER
fixed length control field 00687nam a2200217 a 4500
001 - CONTROL NUMBER
control field :::00008837$&:&@@
003 - CONTROL NUMBER IDENTIFIER
control field OkBaRHE
005 - DATE AND TIME OF LATEST TRANSACTION
control field 20100331141523.0
008 - FIXED-LENGTH DATA ELEMENTS--GENERAL INFORMATION
fixed length control field s1975 j 000 0 eng u
040 ## - CATALOGING SOURCE
Transcribing agency
100 1# - MAIN ENTRY--PERSONAL NAME
Personal name Ponder, James A.,
245 10 - TITLE STATEMENT
Title Evangelism men:
Remainder of title proclaiming the doctrines of salvation.
260 ## - PUBLICATION, DISTRIBUTION, ETC. (IMPRINT)
Place of publication, distribution, etc Nashville, TN., :
Name of publisher, distributor, etc Broadman Press
Date of publication, distribution, etc 1975
300 ## - PHYSICAL DESCRIPTION
Extent 104 p. : illus. ;
Dimensions 19 cm.
650 ## - SUBJECT ADDED ENTRY--TOPICAL TERM
Topical term or geographic name as entry element Baptists
General subdivision Sermons
650 ## - SUBJECT ADDED ENTRY--TOPICAL TERM
Topical term or geographic name as entry element Evangelistic Sermons
650 ## - SUBJECT ADDED ENTRY--TOPICAL TERM
Topical term or geographic name as entry element Sermons, American
700 ## - ADDED ENTRY--PERSONAL NAME
Personal name Ponder, James A.
942 ## - ADDED ENTRY ELEMENTS (KOHA)
Source of classification or shelving scheme
Koha item type Books
Copies
Permanent Location Copy number Damaged status Koha item type Withdrawn status Not for loan Shelving location Lost status Barcode Date last seen Date acquired Source of classification or shelving scheme Full call number Price effective from
RHEMA Bible Training College1 Books  General Stacks 88372010-04-142010-04-14 BV 3797 .A1 E832010-04-14